| 000 | 00389 a2200145 4500 | ||
|---|---|---|---|
| 001 | 163976 | ||
| 020 | _a | ||
| 040 | _cMagnum | ||
| 100 | _a- | ||
| 240 | 1 | 0 |
_aA aldeia indigena: a guerra dos saboes entre os pes-pretos e os peles _lpor |
| 245 | 1 | 0 | _aA aldeia indigena: a guerra dos saboes entre os pes-pretos e os peles |
| 362 | 0 | _a1899 | |
| 697 | _aI/AVENTURA, CRIANCAS | ||
| 942 | _cBK | ||
| 999 |
_c163976 _d163976 |
||